1391 1658 1104 1513 1901 1474 1813 1835 1125 1401 1738 1985 1471 1463 1783 1899 1173 1335 1378 1095 1639 1097 1131 1672 1353 1665 1706 1013 1993 1496 1559 1950 1951 1011 1132 1608 1675 1223 1638 1062 1969 1082 1376 1851 1573 1144 1740 1866 1378 1020 1983 1281 1334 1464 1400 1964 1253 1043 1142 1999 1239 1847 1237 1671 1588 1125 1320 1228 1913 1627 1218 1682 1637 1101 1620 1493 1243 1839 1051 1095 1201 1211 1629 1176 1131 1854 1395 1822 1262 1811 1023 1741 1644 1747 1090 1335 1063 1814 1986 BCNSPRNW ULIB Ver.6.0+V

เปลี่ยนเป็นภาษาไทย

Change to English
 แสดงรายละเอียดบรรณานุกรม
  กลับหน้าหลัก

Brief Record : Get Marc (ISO 2709) : E-mail record : QR code < ปิดหน้าต่าง
LEADER : 00000nam 2200000uu 4500
001    13399123011
003     ULIB
008    131128s2555||||th 000 0 tha d
020    ^a9786162142512
090    ^aนว^bพ187พ ล.10
100 0  ^aพนมเทียน
245 10 ^aเพชรพระอุมา:จอมผีดิบมันตภัย เล่ม 2 /^cพนมเทียน
250    ^aพิมพ์รวมเล่มครั้งที่ 6
260    ^aกรุงเทพฯ :^bณ บ้านวรรณกรรม,^c2555
300    ^a 406 หน้า
505 00 ^a^gล.1-4^tไพรมหากาฬ --^gล.5-8^tดงมรณะ -- ^gล.9-12^tจอมผีดิบมันตรัย -- ^gล.13-16^tอาถรรพณ์นิทรานคร -- ^gล.17-20^tป่าโลกล้านปี -- ^gล.21-24^tแงซายจอมจักรา -- ^gล.25-28^tจอมพราน -- ^gล.29-32^tไอ้งาดำ -- ^gล.33-36^tจิตรางคนางค์-- ^gล.37-40^tนาคเทวี -- ^gล.41-44^tแด่ปางบรรพ์ -- ^gล.45-48^tมงกุฎไพร
650  4 ^aนวนิยายไทย
945    ^p225^l0^i034214
999    ^aเกษร โพธิ์สุวรรณ
รายการนี้ยังไม่มีแท็ก
คุณยังไม่ได้ล็อกอิน คุณสามารถมีกิจกรรมร่วมกับเว็บไซต์ได้ แต่ต้องล็อกอินก่อน ::
  ล็อกอิน

รายการสื่อสารสนเทศ

ลำดับที่ ประเภท เลขเรียก/บาร์โค้ด สถานที่ สถานะ
1. นวนิยาย
นวนิยาย
นว พ187พ ล.10  
  Barcode: 034214
ห้องสมุดวิทยาเขตสวรรค์ประชารักษ์
►นวนิยาย
บนชั้น
  ขอยืม

รายการใกล้เคียง
    ผู้แต่ง [พนมเทียน]

    หัวเรื่อง [นวนิยายไทย]

BibComment


ยังไม่เคยถูกคอมเมนท์

คอมเมนท์ทรัพยากรรายการนี้
  คอมเมนท์: เพชรพระอุมาจอมผี..


 Copyright 2026. Bcnsprnw @Library